| 000 | 00494nam a2200181Ia 4500 | ||
|---|---|---|---|
| 999 |
_c10542 _d10542 |
||
| 003 | OSt | ||
| 005 | 20191220140231.0 | ||
| 008 | 190216s9999||||xx |||||||||||||| ||und|| | ||
| 020 | _a8176110604 | ||
| 040 | _coclc | ||
| 082 |
_a338.954 _bMAT/E |
||
| 100 |
_aMathur, B L _9617 |
||
| 245 | 0 |
_aEconomic Development / _cB L Mathur |
|
| 260 |
_bRbsa Pubshers, _c2000. _aJaipur: |
||
| 300 | _a320 p | ||
| 650 | _aEconomics | ||
| 942 |
_cBK _2ddc _h338.954 _iMAT/E _k338.954 _mMAT/E |
||